Ageing in society : an introduction to social gerontology

Saved in:
Bibliographic Details
Other Authors: Bond, John BA (Editor), Coleman, Peter G. (Editor), Peace, Sheila M. (Editor)
Format: Book
Language:English
Published: London : Sage Publications, c1993
Edition:2nd ed.
Subjects:
Tags: Add Tag
No Tags, Be the first to tag this record!

MARC

LEADER 00000cam a2200000 i 4500
001 1/18712
008 981021s1996 eng d
020 |a 0-8039-8283-6 
035 |l 10021009 
040 |a GR-MY-UA  |b gre  |e aacr 
041 0 |a eng 
082 0 |a 305.26 
245 1 0 |a Ageing in society :  |b an introduction to social gerontology /  |c edited by John Bond, Peter Coleman and Sheila Peace 
250 |a 2nd ed. 
260 |a London :   |b Sage Publications,   |c c1993 
300 |a xiv, 401 σ. 
504 |a Περιέχει βιβλιογραφικές παραπομπές (σ. 291-322) και ευρετήριο 
650 0 0 |a Gerontology  |z Great Britain. 
650 0 0 |a Aging  |x Social aspects  |z Great Britain. 
650 0 0 |a Older people  |z Great Britain  |x Social conditions. 
700 1 |a Bond, John  |c BA.  |4 edt 
700 1 |a Coleman, Peter G.  |4 edt 
700 1 |a Peace, Sheila M.  |4 edt 
852 |a INST  |b LESVOS  |e 19981021  |h 305.26 AGE  |p 005100012772  |q 005100012772  |t BK  |y 0 
901 |a BIBL-1998-3 
909 |a Λ  |b 059681 
922 |a 1ΕΛΗ  |b 199809  |c ΚΠΣ/ΤΚ  |d ΠΑΠΑΣΩΤΗΡΙΟΥ 
950 |a 103-1998-07-27